| 000 | 00655nam a22001697a 4500 | ||
|---|---|---|---|
| 008 | 170814b xxu||||| |||| 00| 0 eng d | ||
| 020 | _a9715502296 | ||
| 082 |
_21996 _aDFil 899.21 _bM31 |
||
| 100 |
_922014 _aManlapaz, Edna Z. |
||
| 245 |
_aOur literary matriarchs 1925- 1953: _bAngela Manalang Gloria, Paz M. Latorena, Loreto Paras Sulit, and Paz Marquez Benitez/ _cEdna Z. Manlapaz. |
||
| 260 |
_aQuezon City: _bADMU Press, _cc1996. |
||
| 300 |
_axi, 133 pages: _billustrations; _c23 cm. |
||
| 500 | _aIncludes appendices, bibliographical references and index. | ||
| 650 | 0 |
_922015 _aWomen, authors, Filipino. |
|
| 365 |
_aPhp. _b291.50 |
||
| 942 |
_2ddc _cDFIL |
||
| 999 |
_c7267 _d7267 |
||